Tax planning options for private individuals’ income from capital investments in Hungary in 2017

Bibliographic Details
Main Author: Hegedüs Diána
Other Authors: Sági Dr. habil Judit
Format: Thesis
Kulcsszavak:tax planning
adótervezés
taxation
Online Access:http://dolgozattar.uni-bge.hu/14507

MARC

LEADER 00000nta a2200000 i 4500
001 dolg14507
005 20171218110600.0
008 171218suuuu hu om 000 eng d
040 |a BGE Dolgozattár Repozitórium  |b hun 
041 |a en 
100 1 |a Hegedüs Diána 
245 1 0 |a Tax planning options for private individuals’ income from capital investments in Hungary in 2017  |c Hegedüs Diána  |h [elektronikus dokumentum] 
246 1 1 |a Adótervezési lehetőségek a magánszemélyek tőkejövedelméhez kapcsolódó közterhek esetén (Magyarország, 2017) 
246 1 1 |a Tax planning options for private individuals’ income from capital investments in Hungary in 2017 
695 |a tax planning 
695 |a adótervezés 
695 |a taxation 
700 1 |a Sági Dr. habil Judit  |e ths 
856 4 0 |u http://dolgozattar.uni-bge.hu/14507/1/Thesis%20Diana%20Hegedus%20%28repozitorium%29.pdf  |z Dokumentum-elérés